000 00639nam a2200193 a 4500
005 20140310183523.0
008 110928s19uu xx 00 eng d
020 _a978185394681
050 _aLC 3715
_b.M44 2010
245 _aMeeting the needs of students with diverse backgrounds /
_cedited by: Rosemary Sage.
260 _aLondon :
_bContinuum International Publishing,
_c2010
300 _a202 p. :
_bil. ;
_c27 cm.
500 _aIncludes index
521 _aEDU
650 _aMinorities
_xEducation
_xCross-cultural studies
650 _aMulticultural education
_xCross-cultural studies
942 _cBK
_2lcc
_kFOR
999 _c24441
_d24441